00000000nam 2200000zi 4500
0019.946579
003CaOODSP
00520250107131542
006m     o  d f      
007cr |n|||||||||
008250107e201306##qucab   o    f000 0 fre d
020 |z9780660208107
040 |aCaOODSP|bfre|erda|cCaOODSP
043 |an-cn-qu
0861 |aR64-428/2013F-PDF|zR64-428/2013F
24500|aParc Marin du Saguenay-Saint-Laurent : |bguide de formation : attestation visant les activités en mer.
264 1|a[Gatineau (Québec)] : |bParcs Canada, |cjuin 2013.
300 |a1 ressource en ligne (64 pages) : |billustrations en couleur, cartes en couleur
336 |atexte|btxt|2rdacontent/fre
337 |ainformatique|bc|2rdamedia/fre
338 |aressource en ligne|bcr|2rdacarrier/fre
500 |aÉdition numérisée de l'imprimé [par Direction des publications du gouvernement du Canada].
500 |aComprendre des errata.
500 |aTitre de la couverture.
650 0|aMarine parks and reserves|zQuébec (Province)
650 0|aMarine biodiversity|zSaint Lawrence River.
650 6|aParcs marins|zQuébec (Province)
650 6|aBiodiversité marine|zSaint-Laurent (Fleuve)
7102 |aParcs Canada, |eorganisme de publication.
7760#|tParc Marin du Saguenay-Saint-Laurent - guide de formation : |w(CaOODSP)9.685627
85640|qPDF|s42258 Ko|uhttps://publications.gc.ca/collections/collection_2025/pc/R64-428-2013-fra.pdf